11 biggest United States Cities - Statistics

General Stats
  • This quiz has been taken 43 times
  • The average score is 9 of 11
Answer Stats
Population Answer % Correct
4,057,841 Los Angeles
100%
8,601,186 New York city
97%
2,679,044 Chicago
89%
1,379,735 Dallas
84%
2,359,480 Houston
79%
1,576,596 Philadelphia
79%
1,711,356 Phoenix
74%
1,453,775 San Diego
74%
1,565,929 San Antonio
71%
1,001,104 Austin
55%
1,033,519 San Jose
50%
No matching quizzes found
Score Distribution
Percent of People with Each Score
Percentile by Number Answered
Your Score History
You have not taken this quiz